| 000 | 00362nam a22001697a 4500 | ||
|---|---|---|---|
| 003 | OSt | ||
| 005 | 20260224150440.0 | ||
| 008 | 260224b |||||||| |||| 00| 0 eng d | ||
| 040 | _cFLL | ||
| 041 |
_aENG _dENG |
||
| 100 | _aSINGH, AVTAR | ||
| 245 | _aCOMPANY LAW | ||
| 250 | _a18th | ||
| 260 |
_aLUCKNOW _bEBC _c2025 |
||
| 300 | _a634 | ||
| 942 |
_2CC _cTB _n0 |
||
| 999 |
_c1680150 _d1680150 |
||